00831nam a2200277Ia 4500008004100000020001800041050001600059050002100075100002200096245003100118245002200149250001600171260001700187260002500204260000900229300001600238300001100254300001100265500005100276650001800327650001900345650001900364650003100383999001900414952012000433160216s9999 xx 000 0 und d a971-08-6358-4 aFIL PN 4793 b.P45M35 2003 c.1 aMalinao, Alito L. aJournalism for Filipinos / cAlito L. Malinao. a3rd Edition aMandaluyong: bNational Book Store, c2003 a497 pages : bill. ; c22 cm. aIncludes bibliographical references and index. aJournalism -- aJournalism --  x Philippines.  xPhilippines -- Authorship. c290983d290983 001040aSMCbSMCcFILd0000-00-00l0oFIL PN 4793 .P45M35 2003 c.1pSMC00272r2016-02-16 00:00:00w2016-02-16yBK